LEADER 01437nam a2200241 i 4500 001 000000131600 003 CaOOAMICUS 005 20230817144639.0 008 150615s1823 it u000 u ita u 026 $amele r.d. n-o, dite (3) 1823 (R) 040 $aSeMil$bita 100 1 $aFontana, Francesco,$d<1750-1822>.$0(OLS)http://semarc/name/12377 245 10$aOperette divote del reverendissimo padre poi cardinale Francesco Luigi Fontana preposto generale della Congregazione de' chierici regolari di S. Paolo, con la vita di lui, scritta dal reverendissimo p. d. Antonio Maria Grandi .. 260 $aRoma :$bPresso Francesco Bourlié,$c1823. 300 $aXL, [4], 168 p. ;$c12°. 650 4$aCristianesimo - Libri di preghiere e devozione italiani.$0(OLS)http://semarc/subject/1222 700 1 $aGrandi, Antonio Maria.$0(OLS)http://semarc/name/54322 700 1 $aBourliè, Francesco,$c.$0(OLS)http://semarc/name/12489 850 $aSeMil 852 $aSeMil$W1$xVenegono$y1$m3F II 266 FA$j85576$B85576$CSeMilBibl$Z2$F0 $8I 996 $6245$aOperette divote del reverendissimo padre poi cardinale Francesco Luigi Fontana preposto generale della Congregazione de' chierici regolari di S. Paolo, con la vita di lui, scritta dal reverendissimo p. d. Antonio Maria Grandi ..$9(OLS)http://semarc/title/193520 996 $6260$aRoma :$bPresso Francesco Bourlié$9(OLS)http://semarc/publisher/38677 LEADER 01181nam a2200277 i 4500 001 000000118454 003 CaOOAMICUS 005 20030930000000.0 008 030930s1993 it u000 u ita u 013 $a91147 020 $a88-384-1998-1 040 $aSeMil$bita 100 1 $aNazarena .$0(OLS)http://semarc/name/49448 245 10$aOltre ogni limite :$bNazarena monaca reclusa 1945-1990 /$ca cura di Emanuela Ghini. 260 $aCasale Monferrato (AL) :$bPiemme,$c1993. 300 $a303 p. [16] p. di tav. ;$c22 cm. 500 $aContiene : [3] Appendici. - Fondo Card. C.M. Martini. 650 4$aNazarena - Scritti.$0(OLS)http://semarc/subject/22103 700 1 $aGhini, Emanuela.$0(OLS)http://semarc/name/19202 850 $aSeMil 852 $aSeMil$W1$xVenegono$y1$m3F VI 76$j73758$B73758$CSeMilBibl$Z2$F83817 $81 941 1 $a4 961 $aOmaggio: Martini Card. Carlo Maria 996 $6020$a88-384-1998-1$9(OLS)http://semarc/number/103090 996 $6245$aOltre ogni limite :$bNazarena monaca reclusa 1945-1990$9(OLS)http://semarc/title/174015 996 $6260$aCasale Monferrato (AL) :$bPiemme$9(OLS)http://semarc/publisher/30052